[Event "Challenge"]
[Site "http://www.queenalice.com/game.php?id=1223133"]
[Date "2013.10.8"]
[Round "-"]
[White "Stewart_The_Great"]
[Black "J_R_Ewing"]
[Result "1-0"]
[WhiteElo "1577"]
[BlackElo "1764"]

1. e4 e6 2. d4 Qh4 3. g4 Nf6 4. Nc3 Nxg4 5. Qf3 Nxf2 6. Qxf2 Be7 7. Nf3 Qxf2+ 8.
Kxf2 b6 9. d5 Bc5+ 10. Ke1 Bb7 11. Bc4 c6 12. dxc6 Nxc6 13. Bf4 Nb4 14. Rd1
Nxc2+ 15. Kd2 Nb4 16. Nb5 O-O 17. a3 Na2 18. Bxa2 Bxe4 19. Rdf1 d5 20. Rhg1 Bxg1
21. Nxg1 h6 22. Ne2 g5 23. Bd6 Bg2 24. Rf2 Rfc8 25. Rxg2 a6 26. Nbd4 b5 27. h4
f6 28. Nxe6 a5 29. Bxd5 b4 30. Nxg5+ Kg7 31. Ne6+ Kf7 32. Rg7+ Ke8 33. Bxa8 Rxa8
34. Nc7+ Kd8 35. Nxa8 bxa3 36. bxa3 a4 37. Nc3 f5 38. Nxa4 f4 39. Nc5 Kc8 40.
Rg8# 1-0

[Event "Challenge"]
[Site "http://www.queenalice.com/game.php?id=1223134"]
[Date "2013.10.8"]
[Round "-"]
[White "J_R_Ewing"]
[Black "Stewart_The_Great"]
[Result "1-0"]
[WhiteElo "1755"]
[BlackElo "1586"]

1. e3 e5 2. g3 d5 3. b3 Nc6 4. Bg2 Bf5 5. Bb2 Nb4 6. Na3 Qd6 7. g4 Be4 8. f3 Bg6
9. d4 exd4 10. Bxd4 c5 11. Nb5 Nxc2+ 12. Qxc2 Bxc2 13. Nxd6+ Bxd6 14. Bxg7 Ke7
15. Bxh8 c4 16. Rc1 Bb4+ 17. Kf2 cxb3 18. axb3 Bxb3 19. Rc7+ Kd6 20. Rxb7 Kc5
21. Bd4+ Kc6 22. Rxb4 Bc4 23. f4 Nh6 24. Rxc4+ Kb5 25. Rc5+ Ka6 26. Rc6+ Kb5 27.
Rxh6 Rc8 28. Ne2 Rc2 29. Bxd5 a5 30. Rb6+ Ka4 31. Bb3+ Ka3 32. Bxc2 a4 33. Ra1#
1-0

[Event "Challenge"]
[Site "http://www.queenalice.com/game.php?id=1236438"]
[Date "2013.11.29"]
[Round "-"]
[White "Stewart_The_Great"]
[Black "J_R_Ewing"]
[Result "0-1"]
[WhiteElo "1536"]
[BlackElo "1741"]

1. e4 e5 2. d4 Qh4 3. dxe5 Qxe4+ 4. Ne2 Qxe5 5. Nc3 b5 6. Nd5 Na6 7. Bf4 Qe4 8.
f3 Qe6 9. Qd3 c6 10. Nc7+ Nxc7 11. Bxc7 d5 12. g4 g5 13. O-O-O Ne7 14. Nd4 Qf6
15. Re1 Bb7 16. Nf5 Rc8 17. Nd6+ Kd7 18. Nxc8 Kxc8 19. Be5 Qe6 20. Re3 f6 21.
Bg3 Qd7 22. Qd4 Bg7 23. Qxa7 Kd8 24. Qb6+ Ke8 25. b3 Kf7 26. a4 Nc8 27. Qc5 d4
28. Re4 Bf8 29. Qf5 Qxf5 30. gxf5 Nd6 31. Rxd4 bxa4 32. Bxd6 Bxd6 33. Rxd6 Ke7
34. Rd4 Bc8 35. Bd3 a3 36. Ra4 Bb7 37. Ra7 Rb8 38. Ba6 Ra8 39. Rxb7+ Kd6 40. Rb6
Kc5 41. Bb7 Ra7 42. Rxc6+ Kb5 43. c4+ Kb4 44. Rb6+ Kc3 45. Kb1 Ra5 46. Ka2 Rxf5
47. Rc1+ Kd2 0-1

[Event "Challenge"]
[Site "http://www.queenalice.com/game.php?id=1236439"]
[Date "2013.11.29"]
[Round "-"]
[White "J_R_Ewing"]
[Black "Stewart_The_Great"]
[Result "1-0"]
[WhiteElo "1749"]
[BlackElo "1528"]

1. Nf3 f6 2. h4 e5 3. d3 d5 4. b3 d4 5. g3 c6 6. Na3 Qa5+ 7. Nd2 Bb4 8. Nc4
Bxd2+ 9. Bxd2 Qd5 10. Rh2 b5 11. Bg2 Qc5 12. e3 bxc4 13. b4 Qd6 14. b5 Bb7 15.
a4 Qc7 16. exd4 exd4 17. Bb4 cxb5 18. Qh5+ g6 19. Qxb5+ Bc6 20. Qxc4 Ne7 21.
Qxd4 Qe5+ 22. Qe3 Qxe3+ 23. fxe3 Na6 24. Bc3 Rc8 25. Bxf6 Rf8 26. Bh3 Rb8 27.
Rf2 Nd5 28. Bd4 Nab4 29. Rb1 Bxa4 30. Rxf8+ Kxf8 31. Kd2 Bxc2 32. Bxa7 Bxb1 33.
Bxb8 Bxd3 34. Bd6+ Kf7 35. Bxb4 Nxb4 36. Kc3 Nc2 37. Kxd3 Ne1+ 38. Ke4 h6 39.
Ke5 Nf3+ 40. Kd5 Kf6 41. e4 Ne5 42. Kd6 Nf3 43. Bc8 g5 44. h5 Nd2 45. e5+ Kg7
46. Ke7 Ne4 47. g4 Nf2 48. Kd6 Kf7 49. e6+ Ke8 50. Bd7+ Kf8 51. e7+ Kg7 52. e8=Q
Nxg4 53. Bxg4 1-0

[Event "AUTO-INT-2774"]
[Site "http://www.queenalice.com/game.php?id=1239444"]
[Date "2013.12.12"]
[Round "1"]
[White "marcomasao"]
[Black "Stewart_The_Great"]
[Result "1-0"]
[WhiteElo "1668"]
[BlackElo "1614"]

1. e4 e5 2. Bc4 Bc5 3. Nf3 Nf6 4. Ng5 Rf8 5. d3 d5 6. exd5 Ng4 7. O-O h6 8. Nf3
c6 9. dxc6 Nxc6 10. a3 f5 11. Kh1 Nxf2+ 12. Rxf2 Bxf2 13. Qe2 Qf6 14. Qxf2 e4
15. Ng1 Nd4 16. Be3 Nc6 17. Nc3 exd3 18. cxd3 Ne5 19. Nd5 Qd6 20. Qf4 g5 21. Qf1
Ng4 22. Nf3 f4 23. Bd4 Be6 24. Qg1 Bxd5 25. Bc5 Qe6 26. Re1 Bxc4 27. dxc4 Qxe1
28. Qxe1+ Kf7 29. Qe7+ Kg6 30. Qe6+ Rf6 31. Qxg4 Re8 32. Qd7 Ree6 33. Qxb7 g4
34. Ng1 f3 35. gxf3 gxf3 36. Nxf3 Kh5 37. Ng1 a6 38. Bd4 Rg6 39. Qf3+ Kh4 40.
Qf4+ Rg4 41. Bf2+ Kh5 42. Qf5+ Rg5 43. Qxe6 Rg6 44. Qh3+ Kg5 45. Be3+ Kf6 46.
Bxh6 Rxh6 47. Qxh6+ Ke5 48. c5 Kd5 49. Qc1 Kc6 50. h4 a5 51. h5 a4 52. h6 Kb5
53. h7 Ka5 54. h8=Q Kb5 55. Qe8+ Ka5 56. Qb8 Ka6 57. Qb6# 1-0

[Event "AUTO-INT-2774"]
[Site "http://www.queenalice.com/game.php?id=1239445"]
[Date "2013.12.12"]
[Round "1"]
[White "Stewart_The_Great"]
[Black "marcomasao"]
[Result "0-1"]
[WhiteElo "1600"]
[BlackElo "1680"]

1. e4 e5 2. Bc4 Bc5 3. Qh5 Qe7 4. Nf3 Nc6 5. Ng5 g6 6. Qf3 Nh6 7. d3 d6 8. Nh3
Bg4 9. Bg5 Qf8 10. Qf6 Kd7 11. Nc3 Re8 12. Bxh6 Qxh6 13. Qxf7+ Re7 14. Qf6 Rf8
15. Qg5 Bxf2+ 16. Kd2 Qxg5+ 17. Nxg5 Bd4 18. Nxh7 Rxh7 19. Raf1 Rxf1 20. Rxf1
Rxh2 21. Ke1 Rxg2 22. Nd5 Re2+ 23. Kd1 Rf2+ 24. Ke1 Re2+ 25. Kd1 Bf2 26. Nf6+
Ke7 27. Nxg4 Nd4 28. Nxf2 Rxc2 29. Ng4 Kd7 30. Rf7+ Kc6 31. Nf6 Rf2 32. Bd5+ Kb5
33. Bc4+ Ka5 34. b4+ Ka4 35. Ng4 Rg2 36. Ne3 Rg1+ 37. Rf1 Rg3 38. Nd5 c6 39.
Nc3+ Kxb4 40. Ne2 Rg2 41. Nxd4 exd4 42. Be6 Kc3 43. Bc4 g5 44. a3 g4 45. Re1 g3
46. Re2 Rg1+ 47. Re1 Rxe1+ 48. Kxe1 b5 49. Bf7 Kxd3 50. Bg6 Kc3 51. Ke2 Kb3 52.
Bh5 Kxa3 53. Kf3 b4 54. Kxg3 b3 55. Bg6 Ka2 56. e5 dxe5 57. Kf2 b2 58. Ke2 b1=Q
59. Bxb1+ Kxb1 60. Kd3 a5 61. Ke4 Kc2 62. Kxe5 Kc3 63. Kd6 a4 64. Kxc6 a3 65.
Kb5 a2 66. Ka4 a1=Q+ 67. Kb5 d3 0-1

[Event "AUTO-INT-2774"]
[Site "http://www.queenalice.com/game.php?id=1239452"]
[Date "2013.12.12"]
[Round "1"]
[White "AndreChess"]
[Black "Stewart_The_Great"]
[Result "1-0"]
[WhiteElo "1672"]
[BlackElo "1628"]

1. e4 e5 2. Nf3 Qf6 3. d4 Nc6 4. d5 Nd4 5. Nxd4 exd4 6. Bc4 Bc5 7. O-O d6 8. a3
Qg6 9. h3 Bxh3 10. Qf3 Nf6 11. Qxh3 Nxe4 12. Bb5+ c6 13. dxc6 O-O 14. cxb7 Rab8
15. Bc6 Ng5 16. Bxg5 Qxg5 17. f4 d3+ 18. Kh2 Qf6 19. cxd3 Qxb2 20. Be4 g6 21.
Nd2 Qxd2 22. f5 d5 23. fxg6 dxe4 24. Qxh7# 1-0

[Event "AUTO-INT-2774"]
[Site "http://www.queenalice.com/game.php?id=1239453"]
[Date "2013.12.12"]
[Round "1"]
[White "Stewart_The_Great"]
[Black "AndreChess"]
[Result "1-0"]
[WhiteElo "1609"]
[BlackElo "1674"]

1. e4 e5 2. Bc4 f6 3. d3 Bc5 4. Qg4 g6 5. Nc3 d5 6. Qf3 Bb4 7. Bxd5 Bxc3+ 8.
bxc3 f5 9. h4 Ne7 10. Bg5 h6 11. Bf6 Rf8 12. Bg7 Nxd5 13. Bxf8 Nxc3 14. Bxh6 Be6
15. exf5 gxf5 16. Qxb7 Nd7 17. Qc6 Bxa2 18. Qxc3 Bd5 19. Nf3 Bxf3 20. gxf3 Qf6
21. Bg5 Qb6 22. Qa3 Rb8 23. Qe7# 1-0

[Event "Challenge"]
[Site "http://www.queenalice.com/game.php?id=1246776"]
[Date "2014.1.9"]
[Round "-"]
[White "szybkielanie"]
[Black "Stewart_The_Great"]
[Result "1-0"]
[WhiteElo "2011"]
[BlackElo "1610"]

1. e4 e5 2. Nf3 Nh6 3. Bc4 f6 4. Nxe5 fxe5 5. Qh5+ g6 6. Qxe5+ Qe7 7. Qxh8 Qg7
8. Qxg7 Bxg7 9. c3 d6 10. d4 Ng4 11. O-O Nd7 12. h3 Ngf6 13. Bd3 Nb6 14. f4 c5
15. e5 dxe5 16. dxc5 Nbd5 17. fxe5 Nd7 18. Bc4 Nc7 19. Rf7 Bxe5 20. Bf4 b5 21.
c6 bxc4 22. cxd7+ Kxf7 23. dxc8=Q Rxc8 24. Bxe5 Ke6 25. Bxc7 Rxc7 26. Nd2 Kd5
27. Rd1 Rb7 28. Nf3+ Kc5 29. Rb1 a5 30. b3 a4 31. b4+ Kd5 32. Re1 Kd6 33. Re4
Kd5 34. Rd4+ Kc6 35. Rxc4+ Kb5 36. Rc5+ 1-0